Comment Dire? Exercices de GrammaireAuto-Correctifs : t. I /

সংরক্ষণ করুন:
গ্রন্থ-পঞ্জীর বিবরন
প্রধান লেখক: Job, Béatriz
অন্যান্য লেখক: Mis, Bernard
বিন্যাস: Sách giấy
প্রকাশিত: Paris : Clé International , 1986
ট্যাগগুলো: ট্যাগ যুক্ত করুন
কোনো ট্যাগ নেই, প্রথমজন হিসাবে ট্যাগ করুন!
Thư viện lưu trữ: Thư viện Trường Đại học Đà Lạt
LEADER 00646nam a2200265 4500
001 DLU020015907
005 ##10/19/2000
020 # # |a 978- 
041 # # |f re 
082 # # |a 448.2  |b JO-B 
090 # # |a 448.2  |b JO-B 
100 # # |a Job, Béatriz 
245 # # |a Comment Dire? Exercices de GrammaireAuto-Correctifs :  |b t. I /  |c Job Béatriz, Mis Bernard 
260 # # |a Paris :  |b Clé International ,  |c 1986 
300 # # |a 80 tr.;   |c 21 cm. 
700 # # |a Mis, Bernard 
992 # # |a 5000 
994 # # |a DLU 
900 # # |a False 
911 # # |a Administrator 
925 # # |a G 
926 # # |a A 
927 # # |a SH 
980 # # |a Thư viện Trường Đại học Đà Lạt